Movies Quiz

Random Movies or Clickable Quiz

Street Suffixes in Movie Titles Quiz Stats

 Plays Quiz Updated Jan 23, 2015

Also try: Street Suffixes
Challenge
Share
Tweet
Embed
Score 0/25 Timer 04:00
2 Plays Today
% Correct
Street
97.8%
Center
97.7%
Mountain
97.3%
Hollow
97.2%
Club
97%
Green
96.7%
Way
96.3%
Heights
94.5%
Island
93.7%
Boulevard
93.4%
Point
92.9%
Cape
92.8%
Field
92.7%
% Correct
Bridge
92.4%
Garden
91.4%
Walk
88.5%
River
87.6%
Glen
87.3%
Drive
87.2%
Fall
85.4%
Park
82.7%
Place
80.4%
Creek
79.4%
Valley
77.1%
Ridge
75.8%

You're not logged in!

Compare scores with friends on all Sporcle quizzes.
OR
Log In

You Might Also Like...

Show Comments

Extras

Top Quizzes Today


Score Distribution

Your Account Isn't Verified!

In order to create a playlist on Sporcle, you need to verify the email address you used during registration. Go to your Sporcle Settings to finish the process.

Report this User

Report this user for behavior that violates our Community Guidelines.

Details: